00339 2200145 4500001002100000005001500021035002000036245004700056300000700103260003900110082000800149084001200157990001200169990001200181INLIS00000000000263120250605032029 a0010-0625000217 aBelajar Menjadi Peneliti /cM. Sadyi Masun a98 aJakarta :bPT. Dian Ariesta,c2002 a600 a600 BEL a0320103 a0320104